| 000 | 00728nam a22002051i 4500 | ||
|---|---|---|---|
| 001 | 000030459 | ||
| 003 | RuMoIPM | ||
| 005 | 20260506122709.0 | ||
| 008 | 130115s1974----ru | c rus | ||
| 040 |
_aRuMoIPM _brus _ercr |
||
| 041 | 0 | _arus | |
| 044 | _aru | ||
| 080 | _a51(076) | ||
| 100 | 1 | _aПодольский, Владимир Алексеевич | |
| 245 | 1 |
_aСборник задач по высшей математике _b[учебное пособие для техникумов] _cВ. А. Подольский, А. М. Суходский |
|
| 260 |
_aМосква _bВысшая школа _c1974 |
||
| 300 |
_a352 с. _bил. |
||
| 700 | 1 | _aСуходский, Андрей Матвеевич | |
| 942 | _cBK | ||
| 999 |
_c30459 _d30459 |
||